Daily Country Riddle #97 - Statistics

General Stats
  • This quiz has been taken 181 times
  • The average score is 12 of 17
Answer Stats
Type Answer % Correct
Found Letter A
100%
Found Letter I
91%
Found Letter O
88%
Found Letter N
87%
Found Letter M
83%
Correctly Placed Letter O
81%
Correctly Placed Letter A
80%
Found Letter D
74%
Correctly Placed Letter I
72%
Found Letter C
66%
Correctly Placed Letter M
64%
Found Letter I
60%
Correctly Placed Letter N
58%
Correctly Placed Letter I
55%
Correctly Placed Letter C
54%
Correctly Placed Letter D
54%
Mystery Country Dominica
54%
No matching quizzes found
Score Distribution
Percent of People with Each Score
Percentile by Number Answered
Your Score History
You have not taken this quiz